| 000 | 00614cam a22002054a 4500 | ||
|---|---|---|---|
| 001 | e 10000868 | ||
| 003 | DLC | ||
| 005 | 20260227111153.0 | ||
| 008 | 990614s1909 fr b 000 0 fre | ||
| 010 | _ae 10000868 | ||
| 040 |
_aDLC _cDLC |
||
| 042 | _apcc | ||
| 050 | 0 | 0 |
_aLC269 _b.L44 1909 |
| 100 | 1 |
_aLeclère, Albert, _d1867- |
|
| 245 | 1 | 2 |
_aL'éducation morale rationnelle / _cAlbert Leclère ; ouvrage précédé d'une préface de Luigi Luzzatti. |
| 260 |
_aParis : _bHachette, _c1909. |
||
| 300 |
_axii, 291 p. ; _c19 cm. |
||
| 504 | _aIncludes bibliographical references. | ||
| 650 | 0 | _aMoral education. | |
| 999 |
_c18976 _d18976 |
||